| 000 | 00392pam a2200145 a 4500 | ||
|---|---|---|---|
| 020 |
_a9788126524228 _c |
||
| 041 | _h | ||
| 082 |
_a621.3824 _bBAL |
||
| 100 |
_aBalani C, _eAuthor . |
||
| 245 |
_aAntenna Theory Analysis and Design 3 rd ed _hTextual Documents |
||
| 250 | _a3 rd ed . | ||
| 260 |
_aNew Delhi: _bWiley India Pvt. Ltd., _c2005. |
||
| 300 |
_axvii: _b1117; _c23*18. |
||
| 930 | _a15509 | ||
| 999 |
_c58730 _d58730 |
||